| 000 | 01136naa a2200289 u 4500 | ||
|---|---|---|---|
| 001 | 06352 | ||
| 003 | HDC | ||
| 007 | cr bn|---aauu| | ||
| 008 | 210123e2008 xx | a z000 s eng d | ||
| 040 | _aHDC | ||
| 100 |
_a DATO' SERI ABDULLAH BIN HAJI AHMAD BADAWI _96711 |
||
| 245 | 4 |
_aTHE WORLD HALAL FORUM GALA DINNER / _cby DATO' SERI ABDULLAH BIN HAJI AHMAD BADAWI |
|
| 260 |
_a[No place] : _b[publisher not identified], _c2006 |
||
| 300 | _a5 pages | ||
| 336 |
_atext _2rdacontent |
||
| 337 |
_acomputer _2rdamedia |
||
| 338 |
_aonline resource _2rdacarrier |
||
| 650 |
_aBusiness opportunities _95958 |
||
| 650 |
_aGlobal halal market _92232 |
||
| 650 |
_aHalal forum _96724 |
||
| 650 |
_aHalal industry _9144 |
||
| 650 |
_aHalal market _9582 |
||
| 856 | _zRequest full-text at [email protected] | ||
| 856 | _zRequest full-text at [email protected] | ||
| 942 | _2lcc | ||
| 942 | _cSPE | ||
| 999 |
_c3676 _d3676 |
||